000 00899nam a2200205Ii 4500
003 JO-AjNU
008 230605s9999||||xx |||||||||||||| ||und||
017 _a2006/20358
040 _aJO-AjNU
_bara
_erda
_cJO-AjNU
041 _aara
050 1 4 _aHF1411.D8.2007
100 3 _aدويدار،محمد,
_eauthor
_933936
245 0 0 _aمبادئ الإقتصاد السياسي : الإقتصاد الدولي : ميزان المدفوعات و العلاقات الإقتصادية الدولية - الإقتصاد الدولي المعاصر - التفسير النظري للعلاقات الإقتصادية الدولية
264 3 1 _aالاسكندرية:الدار الجامعية الجديدة؛2007
300 _a388ص
336 _atext
_btxt
_2rdacontent
337 _aunmediated
_bn
_2rdamedia
338 _avolume
_bnc
_2rdacarrier
650 4 _aالاقتصاد الدولي
_933937
999 _aA13862
_c17430
_d17430